000 01168nam a2200229Ia 4500
001 L248-27660
003 IT-CnALBA
008 170116s9999||||xx |||||||||||||| ||und||
040 _aIT-CnALBA
_cIT-CnALBA
041 _aITALIANO
100 _aESCRIVÀ DE BALAGUER JOSEMARIA
245 0 _aSOLCO.
250 _a1a ed.
260 _a ROMA, MILANO.
_bARES EDIZIONI
_c1986 [1° Ed.:1986 - Ed.Ling.Originale: 1986]
300 _a250 p.
500 _aTRADUZIONE DALLO SPAGNOLO DI FERNANDO ROCCASCESE. INTRODUZIONE DI ALVARO DEL PORTILLO. BREVE BIOGRAFIA DELL'AUTORE. ALLEGRIA. AUDACIA. UMILTÀ. ORAZIONE. AMBIZIONE. AMICIZIA, PUREZZA, PACE, PENITENZA, RESPONSABILITÀ. MILLE PENSIERI SU VARIE VIRTÙ.
501 _aSocietà San Paolo EM - Piazza San Paolo, 14 - 12051 ALBA (CN) (non commercial uses only) ® Copyright 2017
520 _aTRADUZIONE DALLO SPAGNOLO DI FERNANDO ROCCASCESE. INTRODUZIONE DI ALVARO DEL PORTILLO. BREVE BIOGRAFIA DELL'AUTORE. ALLEGRIA. AUDACIA. UMILTÀ. ORAZIONE. AMBIZIONE. AMICIZIA, PUREZZA, PACE, PENITENZA, RESPONSABILITÀ. MILLE PENSIERI SU VARIE VIRTÙ.
650 _aASCETICA E MISTICA
942 _cBK
957 _71
999 _a32449
_bNO
_g Copie: 1
_c286705
_d286705